Schweizer Städte mit PLZ in Tausender - Statistiken

Allgemein
  • Dieses Quiz wurde 229 mal gespielt
  • Das Durchschnittsergebnis liegt bei 7 aus 9
Antwortstatistiken
Postleitzahl Stadt % Korrekt
8000 Zürich
89%
3000 Bern
87%
4000 Basel
80%
1000 Lausanne
79%
9000 St. Gallen
73%
6000 Luzern
70%
5000 Aarau
64%
2000 Neuenburg
59%
7000 Chur
57%
Keine übereinstimmenden Quizze gefunden
Verteilung der Resultate
Anzahl Personen mit jedem Resultat
Perzentil nach korrekt beantworteten Fragen
Ihre Resultats-Entwicklung
Sie haben dieses Quiz noch nicht gespielt